| 000 | 00000cas 2200000zi 4500 |
| 001 | 9.963169 |
| 003 | CaOODSP |
| 005 | 20260602084536 |
| 006 | m o d f |
| 007 | cr cn |||||||| |
| 008 | 260529c20249999onc r p o f0 a0eng|d |
| 020 | |z9780660686585 |
| 020 | |z9780660975658 |
| 022 | |a3111-198X |
| 040 | |aCaOODSP|beng|erda|cCaOODSP |
| 043 | |an-cn--- |
| 086 | 1 |aM12-21E-PDF|zM4-244/2023E-PDF|zM4-244/2025E-PDF |
| 222 | 0|aCarbon Capture, Utilization and Storage Investment Tax Credit (CCUS-ITC) |
| 245 | 00|aCarbon Capture, Utilization and Storage Investment Tax Credit (CCUS-ITC) : |btechnical guidance document. |
| 264 | 1|a[Ottawa] : |bNatural Resources Canada = Ressources naturelles Canada, |c[2024]- |
| 310 | |aIrregular |
| 336 | |atext|btxt|2rdacontent |
| 337 | |acomputer|bc|2rdamedia |
| 338 | |aonline resource|bcr|2rdacarrier |
| 362 | 1 |aBegan with: 2024. |
| 500 | |aIssued also in French under title: Document technique sur le Crédit d'impôt à l'investissement pour le captage, l'utilisation et le stockage du carbone (CUSC-CII) : document technique. |
| 588 | |aDescription based on: 2024. |
| 588 | |aLatest issue consulted: 2025. |
| 650 | 0|aCarbon sequestration|zCanada|vPeriodicals. |
| 650 | 0|aTax credits|zCanada|vPeriodicals. |
| 650 | 0|aCarbon dioxide mitigation|zCanada|vPeriodicals. |
| 655 | 7|aPeriodicals|2lcgft |
| 710 | 1 |aCanada. |bNatural Resources Canada, |eissuing body. |
| 775 | 08|tDocument technique sur le Crédit d'impôt à l'investissement pour le captage, l'utilisation et le stockage du carbone (CUSC-CII) : |w(CaOODSP)9.963168 |